La educación en el siglo XXI (Record no. 154352)

MARC details
000 -CABECERA
campo de control de longitud fija 00550nab a2200217 a 4500
005 - FECHA Y HORA DE LA ÚLTIMA TRANSACCIÓN
campo de control 20210219161259.0
008 - ELEMENTOS DE LONGITUD FIJA--INFORMACIÓN GENERAL
campo de control de longitud fija 991125s1985 mx 000 0 spa u
035 ## - NÚMERO DE CONTROL DEL SISTEMA
Número de control de sistema UPN01000182249
100 1# - ASIENTO PRINCIPAL--NOMBRE PERSONAL
Nombre de persona González, Fernando
222 #0 - TÍTULO CLAVE
Título clave AZ :
222 #0 - TÍTULO CLAVE
Información calificativa REVISTA DE EDUCACION Y CULTURA
245 03 - MENCIÓN DE TÍTULO
Título La educación en el siglo XXI
260 ## - PUBLICACIÓN, DISTRIBUCIÓN, ETC.
Lugar de publicación, distribución, etc. México
300 ## - DESCRIPCIÓN FÍSICA
Extensión 14-19
362 0# - FECHAS DE PUBLICACIÓN Y/O DESIGNACIÓN SECUENCIAL
Fecha de publicación y/o designación secuencial 2011 No. 43, abr.
653 0# - TERMINO DE INDIZACION - NO CONTROLADO
Término no controlado PISA
653 0# - TERMINO DE INDIZACION - NO CONTROLADO
Término no controlado EVALUACION EDUCATIVA
653 0# - TERMINO DE INDIZACION - NO CONTROLADO
Término no controlado CALIDAD EDUCATIVA
653 0# - TERMINO DE INDIZACION - NO CONTROLADO
Término no controlado EDUCACION BASICA
905 ## - TIPO DE MATERIAL
Tipo de material Articulo

No items available.